000 00544cam a22002291 4500
001 sa 68000861
003 DLC
005 20260227112427.0
008 891024s1967 ii 000 0 malo
010 _asa 68000861
035 _a(OCoLC)20542307
040 _aDLC
_cWaU
_dDLC
042 _apremarc
043 _anwcu---
050 0 0 _aF1765.2
_b.K7
100 2 _aKrishna Iyer, V. R.,
_d1915-
245 1 0 _aKyūba.
260 _c[1967]
300 _a191 p.
_c18 cm.
500 _aIn Malayalam.
651 0 _aCuba
_xDescription and travel.
999 _c77507
_d77507